| 000 | 00435nab a2200145Ia 4500 | ||
|---|---|---|---|
| 003 | ES-SlBCS | ||
| 005 | 20210601133847.0 | ||
| 008 | 140529s1957 xxu||||| |||| 00| 0 por d | ||
| 041 | _apor | ||
| 100 | 1 |
_aChacon, Vamireh _9208891 |
|
| 245 | 0 | 0 |
_aO Estado e a Questao Social _c Vamireh Chacon |
| 650 | 0 | 4 |
_aEstado-Cuestión Social _9210651 |
| 773 | 0 |
_tRevista Portuguesa de Filosofia _gvol. 13, 1957, págs. 282-391 _wRev379 |
|
| 942 | _cAR | ||
| 999 |
_c603308 _d603308 |
||